000 00272nam a22001217a 4500
008 181029b xxu||||| |||| 00| 0 eng d
041 _aeng
080 _24 ed
_a610
100 _a3
101 _aSHM
245 _aIntroduction To Hospilaty
_cWalker.J.R
942 _2udc
_cBK
999 _c51000
_d51000